| 000 | 00687nam a2200193 i 4500 | ||
|---|---|---|---|
| 001 | bg | ||
| 111 | 2 |
_aKrajowa Konferencja Badań Nieniszczących _n(22 ; _d1993 ; _cSzczyrk). |
|
| 245 | 0 | 0 |
_aMateriały 22 Krajowej Konferencji Badań Nieniszczących : _bSzczyrk 26-28 października 1993 / _cTow. Badań Nieniszczących SIMP - Oddział Opole [i in.]. |
| 260 |
_aChorzów : _b[b.w.](Centrum EMAG), _c1993. |
||
| 300 |
_a298 s. : _brys., wykr. ; _c24 cm. |
||
| 504 | _aBibliogr. przy ref. | ||
| 650 | 9 | _aBadania nieniszczące | |
| 655 | _aMateriały konferencyjne | ||
| 040 | _cBPK | ||
| 041 | 0 | _apl | |
| 080 | _a620.1(061.3) | ||
| 942 | _cKS | ||
| 008 | s pl f |000 0 pol | ||
| 999 |
_c30213 _d30213 |
||
| 856 |
_uhttp://koha.tu.koszalin.pl/cgi-bin/koha/opac-detail.pl?biblionumber=30213 _yKatalog online BPK |
||